000 00454nam a22001577a 4500
005 20240827131907.0
008 240827b |||||||| |||| 00| 0 eng d
041 _aEnglish
082 _a349 COM
100 _lEnglish
245 _aCommentary Upon the Pandects /
_cJ Voet
260 _aCape Town:
_bJuta and Company Ltd,
_c1891
300 _bxi, 414 pages;
_c25 cm.
650 _aLegal practice
_bLaw
942 _cBK
_6ALISON_BN_VRIES
999 _c2865
_d2865